Meat-Related Phrases - Statistics

General Stats
  • This quiz has been taken 45 times
  • The average score is 16 of 20
Answer Stats
Hint Answer % Correct
___ and cheese sandwich ham
92%
___ in a hat / ___ hole rabbit
89%
Utter ___ / full of ___ bologna/baloney
84%
Bigger ___ to fry fish
84%
___ diggity ___ hot dog
84%
Little ___ / ___s to the slaughter lamb
84%
World is your ___ oyster
84%
Quit cold ___ / Talk ___ turkey
84%
Bring home the ___ / Save my ___ bacon
82%
Lucky ___ / sitting ___ duck
82%
___ out / ___sty pig
82%
___ flipper, / ___ King burger
79%
Spring ___ / Act ___ chicken
76%
Red ___ / ___ roll lobster
74%
___head / dead ___ meat
74%
___ party / see how the ___ is made sausage
74%
Have ___ / ____ up beef
63%
Happy as a ___ clam
63%
___walk / ___ Shack crab
61%
___chops mutton
55%
No matching quizzes found
Score Distribution
Percent of People with Each Score
Percentile by Number Answered
Your Score History
You have not taken this quiz